[Event "CHN-ch Rapid/Blitz 4th"]
[Site "Shaoxing"]
[Date "2025.07.14"]
[Round "3.2"]
[White "Huang, Renjie"]
[Black "Kong, Xiangrui"]
[Result "1-0"]
[WhiteElo "2495"]
[BlackElo "2470"]
[PlyCount "79"]
[EventDate "2025.07.13"]
[EventType "k.o. (rapid)"]
[EventRounds "5"]
[EventCountry "CHN"]
[SourceTitle "CB29_2025"]
[SourceDate "2025.07.16"]
[SourceVersion "1"]
[SourceVersionDate "2025.07.16"]
[SourceQuality "1"]

1. e4 c5 2. Nf3 d6 3. Nc3 Nf6 4. Be2 Nc6 5. 0-0 e5 6. Bc4 Be7 7. d3 0-0 8. Bg5 Ne8 9. Bxe7 Nxe7 10. Nd2 Nf6 11. f4 exf4 12. Rxf4 Ng6 13. Rf1 Be6 14. h3 d5 15. exd5 Nxd5 16. Bxd5 Bxd5 17. Qh5 Bc6 18. Qxc5 f5 19. Nf3 Kh8 20. Rae1 Nh4 21. Nxh4 Qxh4 22. d4 Bxg2 23. Kxg2 f4 24. Ne4 f3+ 25. Kg1 Rf4 26. Qg5 Rxe4 27. Qxh4 Rxh4 28. Rxf3 Rxd4 29. Re7 h6 30. Rxb7 Re8 31. Rxa7 Re6 32. Rg3 Rd2 33. Rg2 Rd1+ 34. Kh2 g5 35. c4 Rd3 36. Ra3 Rd1 37. Rc3 h5 38. Rxg5 h4 39. Rc2 Red6 40. Rcg2 1-0

[Event "CHN-ch"]
[Site "Xinghua"]
[Date "2025.07.02"]
[Round "10"]
[White "Peng, Xiongjian"]
[Black "Kong, Xiangrui"]
[Result "0-1"]
[WhiteElo "2520"]
[BlackElo "2470"]
[PlyCount "80"]
[EventDate "2025.06.23"]
[EventType "swiss"]
[EventRounds "11"]
[EventCountry "CHN"]
[SourceTitle "CB28_2025"]
[SourceDate "2025.07.09"]
[SourceVersion "1"]
[SourceVersionDate "2025.07.09"]
[SourceQuality "1"]

1. c4 c5 2. Nc3 g6 3. g3 Bg7 4. Bg2 Nc6 5. a3 Nf6 6. Rb1 0-0 7. b4 cxb4 8. axb4 a6 9. e4 e5 10. Nge2 b5 11. d3 Rb8 12. cxb5 axb5 13. 0-0 d6 14. h3 Be6 15. f4 exf4 16. Nxf4 Nh5 17. Nxh5 Bxc3 18. Nf4 Ba2 19. Bb2 Be5 20. d4 Qb6 21. Nd5 Bxd5 22. exd5 Nxd4 23. Kh2 Rbc8 24. Bxd4 Bxd4 25. Rc1 Rxc1 26. Qxc1 Be5 27. Qc6 Qe3 28. Rf3 Qe2 29. Qd7 h5 30. h4 Qc4 31. Kh3 Qxb4 32. Bf1 Qe4 33. Kg2 b4 34. Qb7 f5 35. Bd3 Qe1 36. Bb5 Bd4 37. Rf1 Qe4+ 38. Rf3 b3 39. Bd3 Qe1 40. Bf1 b2 0-1

[Event "CHN-ch"]
[Site "Xinghua"]
[Date "2025.06.28"]
[Round "6"]
[White "Cao, Qingfeng"]
[Black "Kong, Xiangrui"]
[Result "0-1"]
[WhiteElo "2410"]
[BlackElo "2470"]
[PlyCount "50"]
[EventDate "2025.06.23"]
[EventType "swiss"]
[EventRounds "11"]
[EventCountry "CHN"]
[SourceTitle "CB28_2025"]
[SourceDate "2025.07.09"]
[SourceVersion "1"]
[SourceVersionDate "2025.07.09"]
[SourceQuality "1"]

1. d4 g6 2. c4 Bg7 3. Nf3 d6 4. Nc3 Nf6 5. g3 Bf5 6. Bg2 Ne4 7. Nh4 Nxc3 8. bxc3 Bc8 9. 0-0 0-0 10. f4 Nc6 11. Qd3 e5 12. fxe5 dxe5 13. Ba3 Re8 14. Bd5 Be6 15. Rad1 Bxd5 16. cxd5 Qxd5 17. e4 Qa5 18. Bc5 exd4 19. cxd4 Qxa2 20. Nf3 b6 21. Ba3 Nxd4 22. Nxd4 Rad8 23. Rd2 Rxd4 24. Qb5 Qe6 25. Rdf2 Rd7 0-1

[Event "CHN-ch"]
[Site "Xinghua"]
[Date "2025.06.25"]
[Round "3"]
[White "Kong, Xiangrui"]
[Black "Xi, Qi"]
[Result "1-0"]
[WhiteElo "2470"]
[BlackElo "2312"]
[PlyCount "105"]
[EventDate "2025.06.23"]
[EventType "swiss"]
[EventRounds "11"]
[EventCountry "CHN"]
[SourceTitle "CB28_2025"]
[SourceDate "2025.07.09"]
[SourceVersion "1"]
[SourceVersionDate "2025.07.09"]
[SourceQuality "1"]

1. e4 e6 2. d4 d5 3. e5 c5 4. c3 Nc6 5. Nf3 Bd7 6. Be2 Nge7 7. Na3 cxd4 8. cxd4 Nf5 9. Nc2 Be7 10. Bd3 0-0 11. g4 Nh4 12. Nxh4 Bxh4 13. g5 Bxg5 14. Qh5 h6 15. Rg1 Bxc1 16. Rxc1 f5 17. Qxh6 Rf7 18. Rg3 Ne7 19. Ke2 Qf8 20. Qh4 g6 21. Rh3 Rg7 22. Rg1 Rc8 23. Kd1 Kf7 24. Ne1 Ke8 25. Nf3 Kd8 26. Ng5 a6 27. Nh7 Qf7 28. Nf6 Kc7 29. Qf4 Ba4+ 30. b3 Bc6 31. Rhg3 Qf8 32. h4 Rf7 33. Be2 Qd8 34. Qd2 Kb8 35. h5 gxh5 36. Bxh5 Rf8 37. Qb4 Rc7 38. Rg7 Rh8 39. Qd6 Bb5 40. Bf7 Nc8 41. Qxd8 Rxd8 42. Bxe6 Ne7 43. Kd2 a5 44. a4 Ba6 45. Rf7 Nc6 46. Rxc7 Kxc7 47. Nxd5+ Kb8 48. Rg8 Rxg8 49. Bxg8 Nxd4 50. e6 Kc8 51. e7 Kd7 52. Bf7 Nf3+ 53. Ke3 1-0

[Event "Asia-ch"]
[Site "Al Ain"]
[Date "2025.05.13"]
[Round "7"]
[White "Goganov, Aleksey"]
[Black "Kong, Xiangrui"]
[Result "1/2-1/2"]
[WhiteElo "2511"]
[BlackElo "2461"]
[PlyCount "69"]
[EventDate "2025.05.07"]
[EventType "swiss"]
[EventRounds "9"]
[EventCountry "UAE"]
[SourceTitle "CB21_2025"]
[SourceDate "2025.05.21"]
[SourceVersion "1"]
[SourceVersionDate "2025.05.21"]
[SourceQuality "1"]

1. e4 c5 2. Nf3 d6 3. Bb5+ Bd7 4. Bxd7+ Qxd7 5. c4 Nf6 6. Nc3 g6 7. d4 cxd4 8. Qxd4 Bg7 9. Qd3 Na6 10. 0-0 0-0 11. Bd2 Nc5 12. Qe2 a6 13. Rad1 b5 14. Bg5 Qb7 15. Bxf6 Bxf6 16. Nd5 Bg7 17. Rfe1 e6 18. Nf4 Na4 19. cxb5 Nxb2 20. Rxd6 axb5 21. e5 Nc4 22. Rdd1 Ra4 23. Nd3 Qa7 24. Nc1 Bh6 25. Qc2 Rc8 26. h4 Nd6 27. Qd3 Nf5 28. Qxb5 Bxc1 29. Rxc1 Rxc1 30. Rxc1 Rxa2 31. Qc5 Qxc5 32. Rxc5 Ra1+ 33. Kh2 Ra2 34. Kg1 Ra1+ 35. Kh2 1/2-1/2

[Event "Asia-ch"]
[Site "Al Ain"]
[Date "2025.05.11"]
[Round "5"]
[White "Sethuraman, SP."]
[Black "Kong, Xiangrui"]
[Result "1/2-1/2"]
[WhiteElo "2552"]
[BlackElo "2461"]
[PlyCount "81"]
[EventDate "2025.05.07"]
[EventType "swiss"]
[EventRounds "9"]
[EventCountry "UAE"]
[SourceTitle "CB21_2025"]
[SourceDate "2025.05.21"]
[SourceVersion "1"]
[SourceVersionDate "2025.05.21"]
[SourceQuality "1"]

1. d4 Nf6 2. c4 e6 3. g3 d5 4. Nf3 dxc4 5. Bg2 Nbd7 6. 0-0 c6 7. a4 a5 8. Nc3 Bb4 9. Qc2 0-0 10. Rd1 Qe7 11. Bf4 b6 12. Ne5 Nxe5 13. dxe5 Nd5 14. Ne4 Nxf4 15. gxf4 Ba6 16. Qc1 Rad8 17. Qe3 Rxd1+ 18. Rxd1 Rd8 19. Rd4 h6 20. h3 Qc7 21. Rxd8+ Qxd8 22. Bf3 Qc7 23. Nd6 b5 24. Qd4 bxa4 25. Nxc4 c5 26. Qe4 Bxc4 27. Qxc4 Qd7 28. e3 g6 29. Be4 Qd2 30. Qb5 Kg7 31. Qe8 c4 32. Kg2 Qxb2 33. Bxg6 fxg6 34. Qd7+ Kf8 35. Qd8+ Kg7 36. Qc7+ Kf8 37. Qb8+ Ke7 38. Qc7+ Ke8 39. Qc8+ Kf7 40. Qb7+ Ke8 41. Qc8+ 1/2-1/2

[Event "CHN-chT"]
[Site "Hebei"]
[Date "2025.04.30"]
[Round "6.2"]
[White "Zhao, Jun"]
[Black "Kong, Xiangrui"]
[Result "1-0"]
[WhiteElo "2532"]
[BlackElo "2451"]
[PlyCount "107"]
[EventDate "2025.04.25"]
[EventType "team-swiss"]
[EventRounds "9"]
[EventCountry "CHN"]
[SourceTitle "CB20_2025"]
[SourceDate "2025.05.14"]
[SourceVersion "1"]
[SourceVersionDate "2025.05.14"]
[SourceQuality "1"]
[WhiteTeam "Shandong"]
[BlackTeam "Hangzhou"]
[WhiteTeamCountry "CHN"]
[BlackTeamCountry "CHN"]

1. e4 e5 2. Nf3 Nc6 3. Nc3 Nf6 4. Bb5 Bc5 5. d3 Nd4 6. Nxd4 Bxd4 7. 0-0 0-0 8. Ne2 Bb6 9. Ng3 c6 10. Ba4 d5 11. h3 dxe4 12. dxe4 Qxd1 13. Rxd1 Be6 14. Bb3 a5 15. Kf1 Rfe8 16. Bg5 a4 17. Bxe6 Rxe6 18. Rd3 h6 19. Bxf6 Rxf6 20. Nf5 Kh7 21. Ke2 g6 22. Ne3 Bd4 23. c3 Bxe3 24. Kxe3 c5 25. Rd7 c4 26. a3 Rb6 27. Rad1 Rxb2 28. Rxf7+ Kg8 29. Rdd7 Rd8 30. Rg7+ Kf8 31. Rdf7+ Ke8 32. Re7+ Kf8 33. Ref7+ Ke8 34. Kf3 Rd3+ 35. Kg4 Re2 36. f3 Rxg2+ 37. Kh4 Rgd2 38. Rxb7 Rd7 39. Rb8+ Rd8 40. Rb5 R2d3 41. Kg3 Kf8 42. Rxg6 Rxc3 43. Rxe5 Rxa3 44. Rxh6 Rdd3 45. Rf5+ Ke7 46. Rc6 c3 47. h4 Rb3 48. h5 a3 49. h6 Rd6 50. h7 Rd8 51. Ra5 Rh8 52. Ra7+ Kd8 53. Ra8+ Kd7 54. Rxh8 1-0

[Event "CHN-chT"]
[Site "Hebei"]
[Date "2025.04.28"]
[Round "4.2"]
[White "Kong, Xiangrui"]
[Black "Chen, Yuan1"]
[Result "1-0"]
[WhiteElo "2451"]
[BlackElo "2286"]
[PlyCount "103"]
[EventDate "2025.04.25"]
[EventType "team-swiss"]
[EventRounds "9"]
[EventCountry "CHN"]
[SourceTitle "CB20_2025"]
[SourceDate "2025.05.14"]
[SourceVersion "1"]
[SourceVersionDate "2025.05.14"]
[SourceQuality "1"]
[WhiteTeam "Hangzhou"]
[BlackTeam "Zhejiang"]
[WhiteTeamCountry "CHN"]
[BlackTeamCountry "CHN"]

1. d4 d5 2. c4 c6 3. Nf3 Nf6 4. e3 e6 5. b3 Bb4+ 6. Nbd2 0-0 7. Bb2 Ne4 8. Bd3 f5 9. 0-0 Bd7 10. Nb1 Be8 11. Ne5 Qe7 12. Qc1 Nd7 13. Nxd7 Bxd7 14. Ba3 a5 15. Bxb4 axb4 16. Nd2 b6 17. Nf3 Nc3 18. a3 Rfc8 19. Ne5 Be8 20. Qd2 g6 21. axb4 Qxb4 22. Bc2 Na2 23. Qe2 Qc3 24. Bxf5 exf5 25. Rxa2 Qxb3 26. Rb2 Qc3 27. Rxb6 dxc4 28. Rbb1 Bf7 29. Rbc1 Qb3 30. Nxf7 Kxf7 31. Qxc4+ Qxc4 32. Rxc4 Ke7 33. Rfc1 Kd7 34. Rc5 Rab8 35. h4 Ra8 36. R1c2 Rab8 37. g3 Ra8 38. Kg2 Rab8 39. Kf3 Ra8 40. Kf4 Rab8 41. Kg5 Rb5 42. d5 Rxc5 43. Rxc5 Rb8 44. dxc6+ Kc7 45. Kh6 Rb2 46. Kxh7 Rxf2 47. Kxg6 Rf3 48. h5 Rxg3+ 49. Kxf5 Rxe3 50. h6 Rf3+ 51. Kg6 Rg3+ 52. Rg5 1-0

[Event "CHN-chT"]
[Site "Hebei"]
[Date "2025.04.25"]
[Round "1.1"]
[White "Ye, Xuqing"]
[Black "Kong, Xiangrui"]
[Result "0-1"]
[WhiteElo "1938"]
[BlackElo "2451"]
[PlyCount "86"]
[EventDate "2025.04.25"]
[EventType "team-swiss"]
[EventRounds "9"]
[EventCountry "CHN"]
[SourceTitle "CB20_2025"]
[SourceDate "2025.05.14"]
[SourceVersion "1"]
[SourceVersionDate "2025.05.14"]
[SourceQuality "1"]
[WhiteTeam "Hubei"]
[BlackTeam "Hangzhou"]
[WhiteTeamCountry "CHN"]
[BlackTeamCountry "CHN"]

1. d4 Nf6 2. Bf4 g6 3. Nf3 Bg7 4. e3 0-0 5. Nbd2 d6 6. Be2 Nh5 7. Bg5 h6 8. Bh4 g5 9. Nxg5 hxg5 10. Bxg5 Nf6 11. h4 c5 12. h5 Nh7 13. h6 Bxd4 14. exd4 Nxg5 15. Bd3 Qd7 16. Rh5 Qe6+ 17. Kf1 Nh7 18. Bf5 Qxf5 19. Rxf5 Bxf5 20. Qf3 Bxc2 21. Ne4 Kh8 22. dxc5 Bxe4 23. Qxe4 Nc6 24. cxd6 exd6 25. Re1 Rg8 26. Qd5 Nf6 27. Qxd6 Rg6 28. Qc7 Rxh6 29. f3 Nb4 30. Qc4 Nbd5 31. Re5 Rd8 32. Qd4 Rd7 33. Rf5 Ne7 34. Qf4 Nxf5 35. Qxf5 Rd2 36. Kg1 Rxb2 37. a4 Ra2 38. a5 Kg7 39. g4 Nh7 40. Qe5+ Kg8 41. Qd5 Rhh2 42. Qd8+ Nf8 43. Qg5+ Ng6 0-1

[Event "China zt 3.5"]
[Site "Jiangxi"]
[Date "2025.03.26"]
[Round "5"]
[White "Zhou, Runyi"]
[Black "Kong, Xiangrui"]
[Result "0-1"]
[WhiteElo "2321"]
[BlackElo "2452"]
[PlyCount "76"]
[EventDate "2025.03.22"]
[EventType "swiss"]
[EventRounds "9"]
[EventCountry "CHN"]
[SourceTitle "CB14_2025"]
[SourceDate "2024.11.01"]
[SourceVersion "1"]
[SourceVersionDate "2024.11.01"]
[SourceQuality "1"]

1. e4 e5 2. Nf3 Nc6 3. Bb5 a6 4. Ba4 f5 5. d4 exd4 6. e5 b5 7. Bb3 Bb7 8. 0-0 Na5 9. Nxd4 c5 10. Nxf5 c4 11. Re1 Qb6 12. Nc3 0-0-0 13. a4 b4 14. Ne4 Bxe4 15. Rxe4 g6 16. Ne3 cxb3 17. Nd5 Qc6 18. cxb3 Ne7 19. Nf6 Qe6 20. Qd3 d5 21. Rxb4 Nf5 22. Rg4 d4 23. b4 Bxb4 24. Bf4 Kb7 25. h4 Nb3 26. Rd1 Nc5 27. Qf3+ Qc6 28. Qh3 Qxa4 29. b3 Qb5 30. h5 Qe2 31. Rc1 Nd3 32. Rf1 Nxf4 33. Rxf4 Qxe5 34. Qf3+ Kb6 35. Ng4 Qd5 36. Qd3 Qb5 37. Qf3 Rhe8 38. Nf6 Qxf1+ 0-1

[Event "China zt 3.5"]
[Site "Jiangxi"]
[Date "2025.03.24"]
[Round "3"]
[White "Wang, Yue"]
[Black "Kong, Xiangrui"]
[Result "1/2-1/2"]
[WhiteElo "2640"]
[BlackElo "2452"]
[PlyCount "48"]
[EventDate "2025.03.22"]
[EventType "swiss"]
[EventRounds "9"]
[EventCountry "CHN"]
[SourceTitle "CB14_2025"]
[SourceDate "2024.11.01"]
[SourceVersion "1"]
[SourceVersionDate "2024.11.01"]
[SourceQuality "1"]

1. c4 Nf6 2. Nf3 e6 3. b3 d5 4. Bb2 Be7 5. e3 0-0 6. Nc3 c5 7. cxd5 exd5 8. d4 Nc6 9. Be2 Ne4 10. 0-0 Bf6 11. Na4 cxd4 12. Nxd4 Bd7 13. Rc1 Nxd4 14. Bxd4 Bxa4 15. bxa4 Rc8 16. Rxc8 Qxc8 17. Bf3 Bxd4 18. Qxd4 Qc2 19. Qxd5 Nd2 20. Ra1 Nxf3+ 21. gxf3 Qg6+ 22. Kh1 Qc2 23. Kg2 Qg6+ 24. Kf1 Qa6+ 1/2-1/2

[Event "Wch U20 62nd"]
[Site "Petrovac"]
[Date "2025.02.25"]
[Round "1"]
[White "Kong, Xiangrui"]
[Black "Centrih, Aleks"]
[Result "1-0"]
[WhiteElo "2452"]
[BlackElo "2171"]
[PlyCount "67"]
[EventDate "2025.02.25"]
[EventType "swiss"]
[EventRounds "11"]
[EventCountry "MNE"]
[SourceTitle "CB11_2025"]
[SourceDate "2025.03.12"]
[SourceVersion "1"]
[SourceVersionDate "2025.03.12"]
[SourceQuality "1"]

1. d4 Nf6 2. c4 g6 3. Nc3 Bg7 4. e4 d6 5. Be2 0-0 6. Bg5 h6 7. Be3 c5 8. dxc5 Qa5 9. Bd2 Qxc5 10. Nf3 Qb6 11. Rb1 Nc6 12. 0-0 Bg4 13. b3 Bxf3 14. Bxf3 Nd4 15. Be3 Nxf3+ 16. Qxf3 Qa5 17. Bd2 Rfc8 18. Rbd1 Qc5 19. Rfe1 Qc6 20. a4 Rab8 21. Nd5 Nxd5 22. exd5 Qd7 23. Qe3 a6 24. Qxe7 Qxe7 25. Rxe7 b5 26. cxb5 axb5 27. a5 b4 28. a6 Rb5 29. Be3 Ra5 30. a7 g5 31. Rb7 Rf8 32. Rxb4 f5 33. Ra4 Rxa4 34. bxa4 1-0

[Event "TCh-CHN Div A Finals"]
[Site "Shaoxing"]
[Date "2024.12.05"]
[Round "2.2"]
[White "Li, Chao B"]
[Black "Kong, Xiangrui"]
[Result "1/2-1/2"]
[WhiteElo "2635"]
[BlackElo "2457"]
[PlyCount "45"]
[EventDate "2024.12.02"]
[EventType "team-k.o."]
[EventRounds "4"]
[EventCountry "CHN"]
[SourceTitle "CB50_2024"]
[SourceDate "2024.11.01"]
[SourceVersion "1"]
[SourceVersionDate "2024.11.01"]
[SourceQuality "2"]
[WhiteTeam "Beijing"]
[BlackTeam "Hangzhou"]
[WhiteTeamCountry "CHN"]
[BlackTeamCountry "CHN"]

1. d4 d5 2. c4 e6 3. Nc3 Nf6 4. Bg5 Be7 5. e3 h6 6. Bh4 dxc4 7. Bxc4 c5 8. Nf3 cxd4 9. Nxd4 0-0 10. 0-0 Bd7 11. Qe2 Nc6 12. Rfd1 Qb6 13. Nf3 Rfd8 14. e4 Nh5 15. Bxe7 Nxe7 16. g3 Nf6 17. e5 Nfd5 18. Ne4 Bc6 19. a3 a6 20. Nd6 Nc8 21. Ne4 Nce7 22. Nd6 Nc8 23. Ne4 1/2-1/2

[Event "Belt and Road op 4th"]
[Site "Qinhuangdao"]
[Date "2024.11.25"]
[Round "6"]
[White "Kong, Xiangrui"]
[Black "Jiang, Haochen"]
[Result "1/2-1/2"]
[WhiteElo "2444"]
[BlackElo "2360"]
[PlyCount "216"]
[EventDate "2024.11.21"]
[EventType "swiss"]
[EventRounds "9"]
[EventCountry "CHN"]
[SourceTitle "CB49_2024"]
[SourceDate "2024.12.04"]
[SourceVersion "1"]
[SourceVersionDate "2024.12.04"]
[SourceQuality "1"]

1. e4 e5 2. Nf3 Nc6 3. Bb5 Bc5 4. c3 Nf6 5. d4 exd4 6. e5 Nd5 7. cxd4 Be7 8. Nc3 Nxc3 9. bxc3 0-0 10. Bd3 d6 11. exd6 Bxd6 12. 0-0 h6 13. Rb1 Ne7 14. c4 c5 15. d5 Qc7 16. Re1 Ng6 17. Bb2 Bd7 18. Qd2 Rfe8 19. Qc3 Bf8 20. Rbd1 Rxe1+ 21. Rxe1 Re8 22. Bb1 b5 23. cxb5 Bxb5 24. Rxe8 Bxe8 25. h4 f6 26. g3 Ne7 27. Nd2 Qd6 28. Qd3 f5 29. Nc4 Qxd5 30. Qxd5+ Nxd5 31. Bxf5 Nb4 32. Ne5 Bd6 33. Be6+ Kf8 34. Bc4 Bxe5 35. Bxe5 Bf7 36. Bd6+ Kg8 37. Bxf7+ Kxf7 38. Bxc5 Nxa2 39. Bxa7 h5 40. Kg2 Ke6 41. Kf3 Kf5 42. Bc5 g6 43. Ke3 Nc3 44. Kd3 Ne4 45. Be3 Ke5 46. Bf4+ Kf5 47. Ke3 Nf6 48. Bg5 Ng4+ 49. Ke2 Ne5 50. Bf4 Nd7 51. Ke3 Nc5 52. Bd6 Ne6 53. Be7 Ke5 54. Ba3 Kf5 55. Bb4 g5 56. hxg5 Nxg5 57. Be7 Nf7 58. f3 Ne5 59. Bd8 Nc4+ 60. Ke2 Nd6 61. Kd3 Nf7 62. Bc7 Ng5 63. Ke3 Ne6 64. Bd6 Ng5 65. Be7 Nf7 66. Bh4 Ne5 67. Bd8 Nc4+ 68. Ke2 Ne5 69. Bc7 Nf7 70. Kd3 Ng5 71. Ke3 Ne6 72. Bd6 Ng5 73. Bf8 Nf7 74. Ba3 Ne5 75. Bb4 Nf7 76. Bc3 Ng5 77. Kf2 Ne6 78. Kg2 Ng5 79. Bd2 Nf7 80. Bc1 Nd8 81. Kh3 Kg6 82. Bd2 Nc6 83. Bc3 Ne7 84. Kg2 Kf5 85. Kf2 Nc6 86. Ke3 Nd8 87. Ba5 Nf7 88. Bc7 Ng5 89. Bd6 Nf7 90. Bf4 Nd8 91. Kd3 Nf7 92. Bb8 Ng5 93. Ke2 Nf7 94. Kd3 Ng5 95. Ke3 Ne6 96. Bd6 Ng5 97. Be7 Nf7 98. Ke2 Ke6 99. Bf8 Kf5 100. Kd3 Ne5+ 101. Ke3 Nc4+ 102. Ke2 Ne5 103. Bg7 Nf7 104. Ke3 Ng5 105. Bh6 Nf7 106. Bf4 Nd8 107. Kd3 Nf7 108. Bc7 Ng5 1/2-1/2

[Event "CHN-ch Blitz"]
[Site "Hohhot"]
[Date "2024.11.14"]
[Round "9"]
[White "Bai, Jinshi"]
[Black "Kong, Xiangrui"]
[Result "1/2-1/2"]
[WhiteElo "2542"]
[BlackElo "2448"]
[PlyCount "138"]
[EventDate "2024.11.13"]
[EventType "swiss (blitz)"]
[EventRounds "9"]
[EventCountry "CHN"]
[SourceTitle "CB49_2024"]
[SourceDate "2024.12.04"]
[SourceVersion "1"]
[SourceVersionDate "2024.12.04"]
[SourceQuality "1"]

1. e4 e6 2. d4 d5 3. exd5 exd5 4. Nf3 Nf6 5. Bd3 Bd6 6. 0-0 0-0 7. Bg5 Bg4 8. Nbd2 Nbd7 9. c4 c6 10. Qb3 Qb6 11. Qc2 Qc7 12. h3 Bh5 13. Rfe1 Rfe8 14. cxd5 cxd5 15. Qxc7 Bxc7 16. Bb5 a6 17. Bxf6 Rxe1+ 18. Rxe1 Nxf6 19. Ba4 Bxf3 20. Nxf3 Kf8 21. Ne5 Bb6 22. Nf3 Rc8 23. Bb3 Re8 24. Re5 Bc7 25. Rxe8+ Kxe8 26. Kf1 Bf4 27. Bc2 Bc1 28. b3 Ke7 29. Ke2 h6 30. Bf5 Ne8 31. h4 Nd6 32. Bd3 Nc8 33. h5 Na7 34. Bf5 Nb5 35. Kd3 Bf4 36. g3 Bc7 37. Bh3 Nd6 38. Ne5 Ne4 39. Ke3 Bb6 40. a4 a5 41. Bg2 Nf6 42. Bf3 Bc7 43. Nd3 b6 44. Nf4 Kd6 45. g4 Bd8 46. Nd3 Nd7 47. Bg2 Bg5+ 48. f4 Bh4 49. Bf3 Bg3 50. Nc1 Bh4 51. Ne2 Be1 52. Kd3 Nb8 53. g5 Nc6 54. gxh6 gxh6 55. Ke3 Ne7 56. Bg4 Kc6 57. Ng1 Bb4 58. Nf3 f6 59. Be6 Kd6 60. Bf7 Nf5+ 61. Kd3 Ne7 62. Bg6 Ke6 63. Bh7 Nf5 64. Bg6 Ne7 65. Bh7 Nf5 66. Bg8+ Kd6 67. Bf7 Ne7 68. Bg6 Ba3 69. Nh4 Bb4 1/2-1/2